Normal view
MARC view
- القران الكريم -اعجاز القران
Entry Topical Term
001 - CONTROL NUMBER
- control field: 50069
003 - CONTROL NUMBER IDENTIFIER
- control field: JO-AjAnu
005 - DATE AND TIME OF LATEST TRANSACTION
- control field: 20230606082239.0
008 - FIXED-LENGTH DATA ELEMENTS
- fixed length control field: 230606|| aca||aabn | a|a d
040 ## - CATALOGING SOURCE
- Original cataloging agency: JO-AjAnu
- Transcribing agency: JO-AjAnu
150 ## - HEADING--TOPICAL TERM
- Topical term or geographic name entry element: القران الكريم -اعجاز القران
670 ## - SOURCE DATA FOUND
- Source citation: Work cat.: (JO-AjAnu)25599: جلغوم، عبد الله ابراهيم , author 50068, في الإعجاز العددي: الإحكام في ترتيب القرأن، ج1